ბათუმის შოთა რუსთაველის სახელმწიფო უნივერსიტეტის ბიბლიოთეკა

ფოლადის კონსტრუქციების გამოკვლევა და გაძლიერება : მეთოდური სახელმძღვანელო. / (ბიბ.ჩანაწერი № 38430)

000 -ლიდერი
ფიქსირებული სიგრძის საკონტროლო ველი 01200nam a2200241Ia 4500
001 - საკონტროლო ნომერი
საკონტროლო ველი 4441
003 - საკონტროლო ნომრის იდენტიფიკატორი
საკონტროლო ველი GE_BSU
005 - ბოლო ოპერაციის თარიღი და დრო
საკონტროლო ველი 20190514205336.0
008 - ფიქსირებული სიგრძის მონაცემთა ელემენტები - ზოგადი ინფორმაცია
ფიქსირებული სიგრძის საკონტროლო ველი 181216s2008|||| |||||||||||||| ||geo||
020 ## - წიგნის საერთაშორისო სტანდარტული ნომერი
International Standard Book Number 9789941122842
040 ## - კატალოგიზაციის წყარო
Transcribing agency GE_BSU
041 ## - ენის კოდი
Language code of text/sound track or separate title geo
080 ## - უნივერსალური ათობითი კლასიფიკაციის ინდექსი
Universal Decimal Classification number 624(072) ბ–33
100 ## - მთავარი ჩანაწერი - პიროვნების სახელი
Personal name ბაღათურია, ფრიდონ
9 (RLIN) 1163
245 ## - ცნობა სათაურის შესახებ
Title ფოლადის კონსტრუქციების გამოკვლევა და გაძლიერება : მეთოდური სახელმძღვანელო. /
Statement of responsibility, etc ფრიდონ ბაღათურია ; ირაკლი ბაჟუნაიშვილი.
264 ## - წარმოების, გამოცემის, დისტრიბუციის და სხვა ცნობები
გამოცემის, წარმოების, დისტრიბუციის... ადგილი თბილისი :
გამოცემის, წარმოების, დისტრიბუციის... სახელწოდება უნივერსალი,
გამოცემის, წარმოების, დისტრიბუციის... თარიღი 2008.
300 ## - ფიზიკური აღწერა
Extent 62 გვ . ;
Other physical details ილ; ნახაზი-18; ცხრ.12; მაგალ.7;
Dimensions 20 სმ.
504 ## - BIBLIOGRAPHY, ETC. NOTE
Bibliography, etc ბიბლიოგრ.: გვ.81
653 ## - INDEX TERM--UNCONTROLLED
Uncontrolled term ფოლადის კონსტრუქციების გამოკვლევა და გაძლიერება.
700 ## - ADDED ENTRY--PERSONAL NAME
Personal name ბაჟუნაიშვილი, ირაკლი
9 (RLIN) 1165
942 ## - ADDED ENTRY ELEMENTS (KOHA)
Koha item type წიგნი
Source of classification or shelving scheme
ეგზემპლარები
ჩამოწერის სტატუსი დაკარგული ეგზემპლარის სტატუსი კლასიფიკაციის წყარო ან თაროზე გაწყობის სქემა დაზიანების სტატუსი არ გაიცემა მუდმივი მდებარეობა (დაცვის ადგილი) ამჟამინდელი ადგილსამყოფელი თაროზე განთავსების ადგილი შეძენის თარიღი ღირებულება, შესყიდვის ნორმალური ფასი სრული შენახვის შიფრი შტრიხკოდი ბოლო ოპერაციის თარიღი ეგზემპლარის მიმდევრობითი ნომერი (კეტერი?) ფასის ძალაში შესვლის თარიღი ეგზემპლარის სახეობა საჯარო შენიშვნა
          ტექნოლოგიური ფაკულტეტის ბიბლიოთეკა ტექნოლოგიური ფაკულტეტის ბიბლიოთეკა წიგნსაცავი 2018-12-17 3.00 624(072) ბ–33 8547 2018-12-17 8547 2018-12-17 წიგნი 3 ლ.
          ტექნოლოგიური ფაკულტეტის ბიბლიოთეკა ტექნოლოგიური ფაკულტეტის ბიბლიოთეკა წიგნსაცავი 2018-12-17 3.00 624(072) ბ–33 8548 2018-12-17 8548 2018-12-17 წიგნი 3 ლ.
          ტექნოლოგიური ფაკულტეტის ბიბლიოთეკა ტექნოლოგიური ფაკულტეტის ბიბლიოთეკა წიგნსაცავი 2018-12-17 3.00 624(072) ბ–33 8549 2018-12-17 8549 2018-12-17 წიგნი 3 ლ.
          ტექნოლოგიური ფაკულტეტის ბიბლიოთეკა ტექნოლოგიური ფაკულტეტის ბიბლიოთეკა წიგნსაცავი 2018-12-17 3.00 624(072) ბ–33 8550 2018-12-17 8550 2018-12-17 წიგნი 3 ლ.
          ტექნოლოგიური ფაკულტეტის ბიბლიოთეკა ტექნოლოგიური ფაკულტეტის ბიბლიოთეკა წიგნსაცავი 2018-12-17   624(072) ბ–33 48202-ნაჩ 2018-12-17 48202 2018-12-17 წიგნი